ಮಾಡಿ ನೋಡಿ ವಿಜ್ಞಾನ ಕಲಿ (Record no. 11654)
[ view plain ]
| 000 -LEADER | |
|---|---|
| fixed length control field | 00596nam a22001457a 4500 |
| 005 - DATE AND TIME OF LATEST TRANSACTION | |
| control field | 20230616181357.0 |
| 008 - FIXED-LENGTH DATA ELEMENTS--GENERAL INFORMATION | |
| fixed length control field | 230425b xxu||||| |||| 00| 0 eng d |
| 082 ## - DEWEY DECIMAL CLASSIFICATION NUMBER | |
| Classification number | 372.35 |
| Item number | BAB |
| 100 ## - MAIN ENTRY--PERSONAL NAME | |
| Personal name | Babanagar, Narayana |
| 245 ## - TITLE STATEMENT | |
| Title | ಮಾಡಿ ನೋಡಿ ವಿಜ್ಞಾನ ಕಲಿ |
| Remainder of title | Vidyunmaana Samparka Saadhangalu |
| Statement of responsibility, etc. | Narayan Babanagar |
| 260 ## - PUBLICATION, DISTRIBUTION, ETC. | |
| Place of publication, distribution, etc. | Belagavi |
| Name of publisher, distributor, etc. | Prasaranga, Visveswaraya Technological University ( VTU ) |
| Date of publication, distribution, etc. | 2021 |
| 300 ## - PHYSICAL DESCRIPTION | |
| Extent | 88p. |
| 440 ## - SERIES STATEMENT/ADDED ENTRY--TITLE | |
| Title | Janpriya Taantrika Shikshana Maale (ಜನಪ್ರಿಯ ತಾಂತ್ರಿಕ ಶಿಕ್ಷಣ ಮಾಲೆ) |
| 650 ## - SUBJECT ADDED ENTRY--TOPICAL TERM | |
| Topical term or geographic name entry element | General |
| Withdrawn status | Lost status | Source of classification or shelving scheme | Damaged status | Not for loan | Permanent Location | Current Location | Date acquired | Source of acquisition | Cost, normal purchase price | Full call number | Barcode | Date last seen | Cost, replacement price | Price effective from | Koha item type |
|---|---|---|---|---|---|---|---|---|---|---|---|---|---|---|---|
| BMS College of Architecture, Design and Planning | BMS College of Architecture, Design and Planning | 2023-06-19 | 15 | 30.96 | 372.35 BAB | AR-UG3204 | 2023-06-19 | 30.96 | 2023-06-19 | UG Books | |||||
| BMS College of Architecture, Design and Planning | BMS College of Architecture, Design and Planning | 2023-06-19 | 15 | 30.96 | 372.35 BAB | AR-UG3205 | 2023-06-19 | 30.96 | 2023-06-19 | UG Books | |||||
| BMS College of Architecture, Design and Planning | BMS College of Architecture, Design and Planning | 2023-06-19 | 15 | 30.96 | 372.35 BAB | AR-UG3206 | 2023-06-19 | 30.96 | 2023-06-19 | UG Books | |||||
| BMS College of Architecture, Design and Planning | BMS College of Architecture, Design and Planning | 2023-06-19 | 15 | 30.96 | 372.35 BAB | AR-UG3207 | 2023-06-19 | 30.96 | 2023-06-19 | UG Books |